Pays sans les lettres de "YEMEN" - Statistiques

Statistiques générales
  • Ce quiz a été pris 33 fois
    9 depuis la dernière actualisation
  • Le résultat moyen est 8 sur 17
Statistiques - réponses
Continents Pays % Correct
Asie Laos
80%
Amérique du Nord Cuba
60%
Asie Irak
60%
Europe Kosovo
60%
Europe Portugal
60%
Asie Qatar
60%
Afrique Tchad
60%
Afrique Togo
60%
Amérique du Sud Chili
40%
Afrique Djibouti
40%
Océanie Fidji
40%
Amérique du Nord Haïti
40%
Amérique du Nord Costa Rica
20%
Océanie Kiribati
20%
Océanie Palaos
20%
Amérique du Nord Salvador
20%
Océanie Tuvalu
20%
Aucun quiz correspondant
Distribution des résultats
% des personnes avec chaque résultat
Percentile par nombre de réponses
Votre historique - résultats
Vous n’avez pas pris ce quiz depuis la dernière actualisation